Matematicas para el comercio / (Record no. 58212)
[ view plain ]
| 000 -LEADER | |
|---|---|
| fixed length control field | 006570c a2200193 4500 |
| 008 - FIXED-LENGTH DATA ELEMENTS--GENERAL INFORMATION | |
| fixed length control field | a s1994 mx spa |
| 020 ## - INTERNATIONAL STANDARD BOOK NUMBER | |
| International Standard Book Number | 9684513989 |
| 050 ## - LIBRARY OF CONGRESS CALL NUMBER | |
| Classification number | HF5691 |
| Item number | R63 1994 |
| 100 ## - MAIN ENTRY--PERSONAL NAME | |
| Personal name | Rosenberg, R. Robert |
| 245 ## - TITLE STATEMENT | |
| Title | Matematicas para el comercio / |
| Statement of responsibility, etc | R. Robert Rosenberg, Lincoyan Portus Govinden ; rev. Hermindes Alfredo Barba Rincón. |
| 250 ## - EDITION STATEMENT | |
| Edition statement | 2a ed. |
| 260 ## - PUBLICATION, DISTRIBUTION, ETC. (IMPRINT) | |
| Place of publication, distribution, etc | Santa Fe de Bógota : |
| Name of publisher, distributor, etc | McGraw-Hill, |
| Date of publication, distribution, etc | 1994 |
| 300 ## - PHYSICAL DESCRIPTION | |
| Extent | 228 p. ; |
| Dimensions | 28 cm. |
| 650 ## - SUBJECT ADDED ENTRY--TOPICAL TERM | |
| Topical term or geographic name as entry element | Matemáticas comerciales |
| Source of heading or term | Lemb |
| 700 ## - ADDED ENTRY--PERSONAL NAME | |
| Personal name | Gavindes, Lincoyan Portus, coaut. |
| 700 ## - ADDED ENTRY--PERSONAL NAME | |
| Personal name | Barba Rincón, Hermindes Alfredo, coaut. |
| 942 ## - ADDED ENTRY ELEMENTS (KOHA) | |
| Source of classification or shelving scheme | Biblioteca del Cogreso de los Estados Unidos |
| Koha item type | Libro |
| Estado de pérdida | Fuente de clasificación | Estado del daño | No para préstamo | Ubicación permanente | Ubicación actual | Apartado o colección | Fecha de adquisición | Edición | Área del conocimiento | Total Checkouts | Clasificación | Código de Barras | Date last seen | Número de copia | Costo por reposición | Tipo de recurso |
|---|---|---|---|---|---|---|---|---|---|---|---|---|---|---|---|---|
| Biblioteca del Cogreso de los Estados Unidos | Biblioteca de la Preparatoria Melchor Ocampo | Biblioteca de la Preparatoria Melchor Ocampo | General | 25/05/2022 | 2a. ed. | Ciencias Sociales y Administrativas | HC5691 R63 1994 | PMO000001408 | 25/05/2022 | C:2 | 1.00 | Libro |